Famous Footballers' Native Country - Statistics

General Stats
  • This quiz has been taken 31 times
  • The average score is 7 of 12
Answer Stats
Name Represented Nation Birth Nation % Correct
Miroslav Klose Germany Poland
81%
Alfredo Di Stefano Spain Argentina
77%
Diego Costa Spain Brazil
77%
Erling Haaland Norway England
77%
Raheem Sterling England Jamaica
74%
Edgar Davids The Netherlands Suriname
61%
Eusebio Portugal Mozambique
58%
Ivan Rakitic Croatia Switzerland
42%
Gonzalo Higuain Argentina France
39%
Alphonso Davies Canada Ghana
39%
Luis Nani Portugal Cape Verde
35%
Patrice Evra France Senegal
29%
No matching quizzes found
Score Distribution
Percent of People with Each Score
Percentile by Number Answered
Your Score History
You have not taken this quiz